Elakai Adaiya 50 Vazhikal (Record no. 192716)

MARC details
000 -LEADER
fixed length control field 00429nam a2200181Ia 4500
008 - FIXED-LENGTH DATA ELEMENTS--GENERAL INFORMATION
fixed length control field 240823s9999||||xx |||||||||||||| ||und||
082 ## - DEWEY DECIMAL CLASSIFICATION NUMBER
-- 158.1 Q1
100 ## - MAIN ENTRY--PERSONAL NAME
Personal name Rasi. Azhakappan
245 #0 - TITLE STATEMENT
Title Elakai Adaiya 50 Vazhikal
250 ## - EDITION STATEMENT
Edition statement 2nd
260 ## - PUBLICATION, DISTRIBUTION, ETC. (IMPRINT)
Date of publication, distribution, etc 2011
Name of publisher, distributor, etc Karpagam Publica
Place of publication, distribution, etc Coimbatore
500 ## - GENERAL NOTE
General note YES
650 ## - SUBJECT ADDED ENTRY--TOPICAL TERM
Topical term or geographic name as entry element Tamil Book
942 ## - ADDED ENTRY ELEMENTS (KOHA)
Item type Books
Holdings
Withdrawn status Lost status Damaged status Permanent location Current location Date acquired Source of acquisition Cost, normal purchase price Full call number Barcode Date last seen Koha item type
      CENTRAL LIBRARY, NOORUL ISLAM CENTRE FOR HIGHER EDUCATION CENTRAL LIBRARY, NOORUL ISLAM CENTRE FOR HIGHER EDUCATION 10/13/2012 Higginbothams Private Ltd 40.00 158.1 Q1 44709 08/23/2024 Books
Visitors:
Copyright © 2024 Central Library NICHE.  All rights reserved.